000 00471nam a2200181Ia 4500
003 GCL
008 140319s9999 xx 000 0 eng d
040 _aGCL /
_cGCL
082 0 4 _a910.3
_bL E
100 1 _aLE LIVRE DE POCHE
245 1 0 _aENCYCLOPEDIE GEOGRAPHIQUE /
_cLE LIVRE DE POCHE
260 _a[S.N] :
_bLE LIVRE DE POCHE ،
_c1988
300 _a1113 P
490 _aLE LIVRE DE POCHE
_v0
650 0 4 _aGEOGRAPHY
650 0 4 _aENCYCLOPEDIES
942 _2ddc
_cBK
999 _c22368
_d22368